|
|
|
|
| LEADER |
00000naa a2200000 i 4500 |
| 001 |
publ2610 |
| 005 |
20260130114216.0 |
| 008 |
260130s2025 hu o 000 zxx d |
| 020 |
|
|
|a 978-615-6886-22-4
|
| 024 |
|
|
|a 10.29180/978-615-6886-22-4_16
|2 doi
|
| 040 |
|
|
|a BGE Publikációtár Repozitórium
|b hun
|
| 100 |
1 |
|
|a Saddek Baround
|
| 245 |
1 |
0 |
|a Capital Market Consequences of Morocco’s Draft Law 17 24
|b Event Study and Value Relevance Evidence on Mandatory IFRS Consolidation
|c Saddek Baround
|h [elektronikus dokumentum]
|
| 260 |
|
|
|a Budapesti Gazdaságtudományi Egyetem
|b Budapest
|c 2025
|
| 300 |
|
|
|a 1-15
|
| 490 |
0 |
|
|a II. Dr. Sztanó Imre Emlékkonferencia
|
| 650 |
|
4 |
|a regionális tudományok
|
| 700 |
1 |
|
|a Tangl Anita
|e aut
|
| 856 |
4 |
0 |
|u https://publikaciotar.uni-bge.hu/id/eprint/2610/1/Dr.%20Sztan%C3%B3%20Imre%20Elml%C3%A9kkonferencia_konferenciak%C3%B6tet_16.pdf
|z Dokumentum-elérés
|